00554nam a2200181Ia 450000500170000000800410001704000190005804100120007708200130008911000460010224500670014826000360021530000110025144000460026265000310030870000230033985000100036220230816133010.0131103s9999 xx 000 0 und d aLoreto College aEnglish a994bBLA aAustralian Institute of Political Science aAustralia 1970 & beyondcEdited by J F Blaxland & O E Phillips aSydneybAngus & Robertsonc1961 a200p.  aAustralian institute of political science aAustralia - 1970 - History aBlaxland, J F4ed. aLCLIB